| 000 | 00000nam 2200000zi 4500 |
| 001 | 9.889496 |
| 003 | CaOODSP |
| 005 | 20250218134759 |
| 006 | m o d f |
| 007 | cr cn||||||||| |
| 008 | 200717t20202020oncd obs f000 0 eng d |
| 020 | |a9780660355832 |
| 040 | |aCaOODSP|beng|erda|cCaOODSP |
| 043 | |an-cn--- |
| 086 | 1 |aCS11-626/2020-115E-PDF |
| 100 | 1 |aClarke, Sean, |c(Economist) ,|eauthor. |
| 245 | 10|aRecent developments in the Canadian economy, 2020 : |bCOVID-19, third edition / |cby Sean Clarke, Carter McCormack and Wisha Asghar. |
| 264 | 1|a[Ottawa] : |bStatistics Canada = Statistique Canada, |c2020. |
| 264 | 4|c©2020 |
| 300 | |a1 online resource (11 pages) : |bcolour graph. |
| 336 | |atext|btxt|2rdacontent |
| 337 | |acomputer|bc|2rdamedia |
| 338 | |aonline resource|bcr|2rdacarrier |
| 490 | 1 |aEconomic insights, |x1927-503X ; |vno. 115 |
| 500 | |aIssued also in French under title: Développements récents de l'économie canadienne, 2020 : COVID-19, troisième édition. |
| 500 | |a"Catalogue no. 11-626-X - 2020013 - No. 115." |
| 500 | |a"Release date: July 28, 2020." |
| 500 | |aIssued also in HTML format. |
| 504 | |aIncludes bibliographical references. |
| 520 | |a"This special article in the Economic Insights series provides a concise overview of the lifting of restrictions on social and economic activity that were implemented as Canada and other countries sought to contain the COVID-19 pandemic. Intended to support ongoing analysis of the economic impacts of COVID-19, the article provides contextual information on these restrictions, compiled from publicly available sources. Additional information on major business and government announcements is available at Canadian Economic News"--Page 1. |
| 650 | 0|aCOVID-19 (Disease)|xEconomic aspects|zCanada|vStatistics. |
| 650 | 0|aCOVID-19 Pandemic, 2020-2023|xEconomic aspects|zCanada|vStatistics. |
| 651 | 0|aCanada|xEconomic conditions|vStatistics. |
| 655 | 7|aStatistics|2lcgft |
| 710 | 2 |aStatistics Canada, |eissuing body. |
| 775 | 08|tDéveloppements récents de l'économie canadienne, 2020 : |w(CaOODSP)9.889497 |
| 794 | |tRecent developments in the Canadian economy, 2020 : |w(CaOODSP)9.892723 |
| 795 | |tRecent developments in the Canadian economy, 2020 : |w(CaOODSP)9.888221 |
| 830 | #0|aEconomic insights (Statistics Canada)|vno. 115. |w(CaOODSP)9.506764 |
| 856 | 40|qPDF|s536 KB|uhttps://publications.gc.ca/collections/collection_2020/statcan/11-626-x/11-626-x2020013-eng.pdf |
| 856 | 4 |qHTML|sN/A|uhttps://www150.statcan.gc.ca/n1/pub/11-626-x/11-626-x2020013-eng.htm |
| 986 | |a11-626-X |